Experiments manual for electricity : (Record no. 140512)

MARC details
000 -LEADER
fixed length control field 00898cam a2200265 a 4500
003 - CONTROL NUMBER IDENTIFIER
control field OSt
005 - DATE AND TIME OF LATEST TRANSACTION
control field 20251106122200.0
008 - FIXED-LENGTH DATA ELEMENTS--GENERAL INFORMATION
fixed length control field
020 ## - INTERNATIONAL STANDARD BOOK NUMBER
International Standard Book Number 9780078288814 (Paperback)
040 ## - CATALOGING SOURCE
Transcribing agency NUST
Original cataloging agency NUST
Language of cataloging eng
Modifying agency NUST
Description conventions rda
050 ## - LIBRARY OF CONGRESS CALL NUMBER
Classification number TK9901 FOW
100 1# - MAIN ENTRY--PERSONAL NAME
Personal name Fowler, Richard J.
Relator term Author
245 10 - TITLE STATEMENT
Title Experiments manual for electricity :
Remainder of title principles and applications /
Statement of responsibility, etc. Richard J. Fowler.
250 ## - EDITION STATEMENT
Edition statement Sixth edition.
260 ## - PUBLICATION, DISTRIBUTION, ETC.
Place of publication, distribution, etc. New York :
Name of publisher, distributor, etc. Glencoe/McGraw-Hill,
Date of publication, distribution, etc. ©2003.
300 ## - PHYSICAL DESCRIPTION
Extent x, 222 pages :
Other physical details illustrations ;
Dimensions 28 cm.
336 ## - CONTENT TYPE
Source rdacontent
Content type term text
Content type code txt
337 ## - MEDIA TYPE
Source rdamedia
Media type term unmediated
Media type code n
338 ## - CARRIER TYPE
Source rdacarrier
Carrier type term volume
Carrier type code nc
504 ## - BIBLIOGRAPHY, ETC. NOTE
Bibliography, etc. note [ ]
650 ## - SUBJECT ADDED ENTRY--TOPICAL TERM
Topical term or geographic name entry element Electricity experiments manual.
650 ## - SUBJECT ADDED ENTRY--TOPICAL TERM
Topical term or geographic name entry element Electricity experiments.
650 #0 - SUBJECT ADDED ENTRY--TOPICAL TERM
Topical term or geographic name entry element Electricity.
942 ## - ADDED ENTRY ELEMENTS (KOHA)
Koha item type Ordinary Loan Books
Call number prefix TK
Call number suffix FOW
Source of classification or shelving scheme Library of Congress Classification
Edition Sixth edition.
Classification part TK9901 FOW
Suppress in OPAC No
Holdings
Withdrawn status Lost status Source of classification or shelving scheme Damaged status Not for loan Collection Home library Current library Shelving location Date acquired Source of acquisition Cost, normal purchase price Total Checkouts Full call number Barcode Date last seen Accession number Cost, replacement price Price effective from Koha item type Public note
    LCC   1 NFIC MAIN MAIN GEN 01/23/2023 Book Aid International 80.00   TK9901 FOW 92004021766 01/23/2023 41642 80.00 01/23/2023 BOOKS Donation
    LCC   1 NFIC MAIN MAIN GEN 11/06/2025 Book Aid International 80.00   TK9901 FOW 92004021782 11/06/2025 41641 80.00 11/06/2025 BOOKS  
    LCC   1 NFIC MAIN MAIN GEN 11/06/2025 Book Aid International 80.00   TK9901 FOW 92004021767 11/06/2025 41643 80.00 11/06/2025 BOOKS